[Event "HUN-chT2 Charousek 1112"]
[Site "Hungary"]
[Date "2011.11.13"]
[Round "3"]
[White "Hagymasi, Janos"]
[Black "Barczi, Tibor1111"]
[Result "0-1"]
[WhiteElo "1989"]
[BlackElo "2092"]
[PlyCount "72"]
[EventDate "2011.09.25"]
[EventType "team-tourn"]
[EventRounds "11"]
[EventCountry "HUN"]
[SourceTitle "EXT 2013"]
[Source "ChessBase"]
[SourceDate "2012.11.22"]
[SourceVersion "1"]
[SourceVersionDate "2012.11.22"]
[SourceQuality "1"]
[WhiteTeam "Veszprem"]
[BlackTeam "Kisber Aszar"]
[WhiteTeamCountry "HUN"]
[BlackTeamCountry "HUN"]

1. e4 d5 2. exd5 Qxd5 3. Nc3 Qd6 4. d4 Nf6 5. Nf3 Bg4 6. Be2 e6 7. 0-0 c6 8. h3 Bh5 9. Be3 Nbd7 10. Qd2 Nb6 11. Ne5 Bxe2 12. Qxe2 Qb4 13. Rab1 Nbd5 14. Nxd5 cxd5 15. c3 Qa5 16. a3 Bd6 17. Rbe1 0-0 18. Nf3 Qb6 19. Bg5 Ne4 20. Bc1 a5 21. Ng5 Nf6 22. Qd3 h6 23. Nf3 a4 24. Re2 Rfc8 25. Rfe1 Rc4 26. Ne5 Rc7 27. Qf3 Ne4 28. Qh5 Rac8 29. Ng4 f5 30. Ne3 Rf7 31. Nc2 Qc7 32. Qf3 Rf6 33. Nb4 Kh7 34. Nd3 g5 35. Qh5 Rg8 36. Ne5 g4 0-1

[Event "Balatonalmadi Pannonia Cup 16th"]
[Site "Balatonalmadi"]
[Date "2011.07.28"]
[Round "2"]
[White "Eltigani, Omar"]
[Black "Hagymasi, Janos"]
[Result "1-0"]
[WhiteElo "2276"]
[BlackElo "1997"]
[PlyCount "83"]
[EventDate "2011.07.27"]
[EventType "swiss"]
[EventRounds "7"]
[EventCountry "HUN"]
[SourceTitle "EXT 2016"]
[Source "ChessBase"]
[SourceDate "2015.10.08"]
[SourceVersion "1"]
[SourceVersionDate "2015.10.08"]
[SourceQuality "1"]

1. d4 Nf6 2. c4 e6 3. Nf3 b6 4. g3 Bb7 5. Bg2 Be7 6. 0-0 0-0 7. Nc3 Bb4 8. Bd2 d6 9. Qc2 Nbd7 10. Rfe1 Bxc3 11. Bxc3 Be4 12. Qa4 a5 13. Bh3 h6 14. Nd2 Bb7 15. e4 Qe7 16. d5 Nc5 17. Qc2 e5 18. Nb3 Ncd7 19. f4 Bc8 20. f5 Nh7 21. Bd2 Ng5 22. Bg2 Ba6 23. Nc1 Nc5 24. b3 Nh7 25. a3 Bb7 26. Ne2 Nd7 27. Nc3 Ba6 28. Ne2 Ra7 29. h4 Nhf6 30. Bf3 Nh7 31. Kg2 Rfa8 32. Nc3 Nc5 33. Be3 Nd7 34. Rh1 Nc5 35. g4 Rb8 36. Kf2 Raa8 37. g5 hxg5 38. hxg5 Nxg5 39. Rh5 Nxf3 40. Rah1 f6 41. Kxf3 Kf7 42. Qg2 1-0

[Event "HUN-chT2 Szechenyi 1011"]
[Site "Hungary"]
[Date "2010.11.21"]
[Round "6.7"]
[White "Hagymasi, Janos"]
[Black "Csiszar, Albert"]
[Result "1/2-1/2"]
[WhiteElo "2018"]
[BlackElo "1848"]
[PlyCount "117"]
[EventDate "2010.09.12"]
[EventType "team-tourn"]
[EventRounds "11"]
[EventCountry "HUN"]
[SourceTitle "EXT 2012"]
[Source "ChessBase"]
[SourceDate "2011.11.24"]
[SourceVersion "1"]
[SourceVersionDate "2011.11.24"]
[SourceQuality "1"]
[WhiteTeam "Veszprem"]
[BlackTeam "Baki Agrocentrum"]
[WhiteTeamCountry "HUN"]
[BlackTeamCountry "HUN"]

1. e4 e6 2. d4 d5 3. Nd2 dxe4 4. Nxe4 Bd7 5. Nf3 Bc6 6. Bd3 Nd7 7. Qe2 Be7 8. 0-0 Ngf6 9. c4 0-0 10. b3 Rb8 11. Bb2 Bxe4 12. Bxe4 Nxe4 13. Qxe4 c6 14. Rad1 Qa5 15. Qc2 Nb6 16. Ne5 Rbd8 17. Rfe1 Bg5 18. Bc3 Qa3 19. Rd3 Qe7 20. Rh3 g6 21. Nd3 Rfe8 22. Ne5 f5 23. Rd3 Bf6 24. Nf3 Nd7 25. Rde3 Nf8 26. Rd3 Qc7 27. Rde3 Kf7 28. h3 Qf4 29. g3 Qh6 30. Kg2 Qg7 31. d5 Bxc3 32. dxe6+ Rxe6 33. Ng5+ Kg8 34. Nxe6 Nxe6 35. Qxc3 Qxc3 36. Rxc3 Kf7 37. Rce3 Re8 38. f4 b6 39. b4 Nc7 40. Rxe8 Nxe8 41. c5 b5 42. a4 bxa4 43. Ra1 a6 44. Rxa4 Nc7 45. Ra3 Ke6 46. Kf3 Kd7 47. Ke2 Ke6 48. Kf3 Kd7 49. Ke2 Ke6 50. Kd3 Kd5 51. Ra1 Ke6 52. Kc4 Ke7 53. Rd1 Nb5 54. g4 Ke8 55. gxf5 gxf5 56. Re1+ Kf7 57. Re5 Kf6 58. Re8 Na3+ 59. Kd3 1/2-1/2

[Event "Devecser Esterhazy Memorial op"]
[Site "Devecser"]
[Date "2009.07.05"]
[Round "6"]
[White "Hagymasi, Janos"]
[Black "Marton, Jozsef"]
[Result "1-0"]
[WhiteElo "1978"]
[BlackElo "2171"]
[PlyCount "75"]
[EventDate "2009.07.02"]
[EventType "swiss"]
[EventRounds "7"]
[EventCountry "HUN"]
[SourceTitle "EXT 2011"]
[Source "ChessBase"]
[SourceDate "2010.11.26"]
[SourceVersion "1"]
[SourceVersionDate "2010.11.26"]
[SourceQuality "1"]

1. e4 c5 2. Nf3 e6 3. d4 cxd4 4. Nxd4 Nf6 5. Nc3 d6 6. Be2 Be7 7. 0-0 Nc6 8. Kh1 Bd7 9. f4 0-0 10. Nb3 a5 11. a4 Nb4 12. Bf3 Bc6 13. Qe2 Qc7 14. Be3 Rfe8 15. Rad1 e5 16. f5 Rad8 17. Qf2 Nd7 18. Rd2 b6 19. Rfd1 Nc5 20. Nxc5 dxc5 21. b3 Rxd2 22. Rxd2 Rd8 23. Kg1 Rxd2 24. Qxd2 Qd8 25. Qxd8+ Bxd8 26. Bd1 h6 27. Kf2 Bg5 28. Bxg5 hxg5 29. Ke3 Kf8 30. Nb1 f6 31. Na3 Ke7 32. Nc4 b5 33. Nxa5 Kd6 34. axb5 Bxb5 35. Nb7+ Kc6 36. Nd8+ Kd6 37. c3 Na6 38. Be2 1-0

[Event "HUN-ch Seniors"]
[Site "Ajka"]
[Date "2009.06.27"]
[Round "8"]
[White "Kadar, Gabor"]
[Black "Hagymasi, Janos"]
[Result "1-0"]
[WhiteElo "2203"]
[BlackElo "2000"]
[PlyCount "63"]
[EventDate "2009.06.22"]
[EventType "swiss"]
[EventRounds "9"]
[EventCountry "HUN"]
[SourceTitle "EXT 2011"]
[Source "ChessBase"]
[SourceDate "2010.11.26"]
[SourceVersion "1"]
[SourceVersionDate "2010.11.26"]
[SourceQuality "1"]

1. e4 e5 2. Nf3 Nc6 3. Bb5 a6 4. Ba4 Nf6 5. d3 d6 6. c3 Be7 7. Nbd2 0-0 8. Nf1 h6 9. h3 b5 10. Bc2 Re8 11. g4 Nh7 12. Ng3 Be6 13. Nf5 Bxf5 14. gxf5 Ng5 15. Bd2 d5 16. Qe2 a5 17. 0-0-0 d4 18. Kb1 dxc3 19. Bxc3 Nxf3 20. Qxf3 Qd6 21. Qg4 a4 22. d4 Nxd4 23. Bxd4 exd4 24. f4 a3 25. e5 Qb4 26. Bb3 Bd8 27. Rhg1 Qf8 28. f6 c5 29. Qxg7+ Qxg7 30. Rxg7+ Kh8 31. Bc2 d3 32. Bxd3 1-0

[Event "HUN-ch Seniors"]
[Site "Ajka"]
[Date "2009.06.24"]
[Round "3"]
[White "Hagymasi, Janos"]
[Black "Vargyas, Zoltan"]
[Result "1-0"]
[WhiteElo "2000"]
[BlackElo "2146"]
[PlyCount "108"]
[EventDate "2009.06.22"]
[EventType "swiss"]
[EventRounds "9"]
[EventCountry "HUN"]
[SourceTitle "EXT 2011"]
[Source "ChessBase"]
[SourceDate "2010.11.26"]
[SourceVersion "1"]
[SourceVersionDate "2010.11.26"]
[SourceQuality "1"]

1. e4 Nf6 2. e5 Nd5 3. d4 d6 4. Nf3 Bg4 5. Be2 e6 6. c4 Nb6 7. exd6 cxd6 8. Nc3 Be7 9. 0-0 0-0 10. Be3 Bf6 11. Ne4 Be7 12. Ng3 d5 13. c5 Bxf3 14. Bxf3 Nc4 15. Bc1 b6 16. b3 Na5 17. b4 Nc4 18. Bf4 Bf6 19. Rc1 b5 20. a4 Nc6 21. Be3 Rb8 22. axb5 Nxe3 23. fxe3 Rxb5 24. Qa4 Qb8 25. Be2 Nxd4 26. Bxb5 Nxb5 27. Ne2 Bg5 28. Rf3 d4 29. Rd1 Bxe3+ 30. Kh1 e5 31. Qc2 g6 32. Rf6 Qd8 33. Rf3 Qe8 34. Qe4 Qe6 35. Qb7 Qc4 36. Ng3 f5 37. Rdf1 Bf4 38. c6 Rf7 39. Qc8+ Kg7 40. R3f2 Bxg3 41. hxg3 e4 42. Qe8 e3 43. Rf4 h5 44. Re1 Qd5 45. Rd1 g5 46. Rf3 Qe4 47. Qd8 Qe7 48. Qd5 g4 49. Rxf5 Rxf5 50. Qxf5 e2 51. Re1 Nc3 52. Qd7 Kf7 53. Qxd4 Qf6 54. Qxf6+ Kxf6 1-0

[Event "HUN-chT2 Szechenyi 0809"]
[Site "Hungary"]
[Date "2009.01.11"]
[Round "5.6"]
[White "Nemeth, Zsolt"]
[Black "Hagymasi, Janos"]
[Result "1/2-1/2"]
[WhiteElo "1967"]
[BlackElo "2052"]
[PlyCount "73"]
[EventDate "2008.10.26"]
[EventType "team-tourn"]
[EventRounds "11"]
[EventCountry "HUN"]
[SourceTitle "EXT 2010"]
[Source "ChessBase"]
[SourceDate "2010.11.25"]
[SourceVersion "1"]
[SourceVersionDate "2010.11.25"]
[SourceQuality "1"]
[WhiteTeam "Baki Agrocentrum"]
[BlackTeam "Veszprem"]
[WhiteTeamCountry "HUN"]
[BlackTeamCountry "HUN"]

1. e4 e5 2. Nf3 Nc6 3. Nc3 g6 4. d4 exd4 5. Nxd4 Bg7 6. Nxc6 bxc6 7. Bc4 d6 8. 0-0 Ne7 9. Bg5 0-0 10. Qf3 Be6 11. Bb3 Qd7 12. Bf6 Rab8 13. h3 Nc8 14. Bxg7 Kxg7 15. Qd3 Nb6 16. Ne2 c5 17. Bxe6 fxe6 18. b3 Qe7 19. c4 Nd7 20. f4 e5 21. f5 Qh4 22. Ng3 Nf6 23. fxg6 hxg6 24. Rf3 Nh5 25. Nxh5+ Qxh5 26. Raf1 Rxf3 27. Qxf3 Qxf3 28. Rxf3 a5 29. a4 Rh8 30. Kf2 Rh4 31. Ke3 Rh8 32. Kf2 Rh4 33. g4 Rh8 34. Kg3 g5 35. Rf5 Kg6 36. Rf3 Kg7 37. Rf5 1/2-1/2

[Event "Veszprem Hemo op"]
[Site "Veszprem"]
[Date "2008.08.19"]
[Round "6"]
[White "Hagymasi, Janos"]
[Black "Forgacs, Mihaly"]
[Result "0-1"]
[WhiteElo "2075"]
[BlackElo "1949"]
[PlyCount "88"]
[EventDate "2008.08.16"]
[EventType "swiss"]
[EventRounds "7"]
[EventCountry "HUN"]
[SourceTitle "EXT 2011"]
[Source "ChessBase"]
[SourceDate "2010.11.26"]
[SourceVersion "1"]
[SourceVersionDate "2010.11.26"]
[SourceQuality "1"]

1. e4 d5 2. exd5 Qxd5 3. Nc3 Qd8 4. d4 e6 5. Nf3 Nf6 6. Bc4 Be7 7. Be3 0-0 8. h3 Nd5 9. Qd2 Nc6 10. 0-0 Ncb4 11. a3 Nxe3 12. fxe3 Nd5 13. Rad1 b6 14. e4 Nxc3 15. Qxc3 Bb7 16. Qe3 c5 17. d5 exd5 18. Bxd5 Bxd5 19. exd5 Bf6 20. Qb3 Qd6 21. Rfe1 Rfe8 22. Qb5 Kf8 23. c4 g5 24. b4 h5 25. bxc5 bxc5 26. Qb1 g4 27. hxg4 hxg4 28. Nh2 Rxe1+ 29. Rxe1 Bd4+ 30. Kh1 g3 31. Qb7 Rb8 32. Qxa7 gxh2 33. Rf1 f6 34. a4 Be5 35. a5 Qe7 36. Qa6 Rb2 37. Qa8+ Qe8 38. Qa7 Qg6 39. Qxc5+ Kg7 40. Qe7+ Kh6 41. Qf8+ Kh5 42. Qh8+ Kg5 43. Qh3 Qe4 44. Qf3 Rb1 0-1

[Event "HUN-chT2 Szechenyi 0607"]
[Site "Hungary"]
[Date "2007.04.15"]
[Round "8"]
[White "Hagymasi, Janos"]
[Black "Nagy, Tibor"]
[Result "1-0"]
[WhiteElo "1979"]
[BlackElo "2110"]
[PlyCount "64"]
[EventDate "2006.11.12"]
[EventType "team"]
[EventRounds "11"]
[EventCountry "HUN"]
[SourceTitle "EXT 2008"]
[Source "ChessBase"]
[SourceDate "2007.11.25"]
[SourceVersion "1"]
[SourceVersionDate "2007.11.25"]
[SourceQuality "1"]
[WhiteTeam "Veszprem"]
[BlackTeam "Flesch"]
[WhiteTeamCountry "HUN"]
[BlackTeamCountry "HUN"]

1. e4 e5 2. Nf3 Nf6 3. Nxe5 Qe7 4. d4 d6 5. Nf3 Nxe4 6. Be2 Bg4 7. 0-0 d5 8. Nc3 Nxc3 9. bxc3 Nd7 10. h3 Be6 11. Rb1 Nb6 12. a4 c6 13. a5 Nc8 14. Re1 h6 15. Bd3 Nd6 16. Ba3 Qc7 17. Bb4 Be7 18. Ne5 0-0 19. Qh5 b6 20. axb6 axb6 21. Bxd6 Bxd6 22. Re3 c5 23. Rbe1 c4 24. Bf1 Ra2 25. Qd1 b5 26. f4 b4 27. f5 Bc8 28. f6 Kh7 29. fxg7 Rg8 30. Nxf7 Rxg7 31. Qh5 Kg8 32. Nxd6 Qxd6 1-0

[Event "HUN-chT2 Szechenyi 0607"]
[Site "Hungary"]
[Date "2007.03.04"]
[Round "6"]
[White "Hagymasi, Janos"]
[Black "Tako, Annamaria"]
[Result "1/2-1/2"]
[WhiteElo "1979"]
[BlackElo "1963"]
[PlyCount "128"]
[EventDate "2006.11.12"]
[EventType "team"]
[EventRounds "11"]
[EventCountry "HUN"]
[SourceTitle "EXT 2008"]
[Source "ChessBase"]
[SourceDate "2007.11.25"]
[SourceVersion "1"]
[SourceVersionDate "2007.11.25"]
[SourceQuality "1"]
[WhiteTeam "Veszprem"]
[BlackTeam "Arboretum"]
[WhiteTeamCountry "HUN"]
[BlackTeamCountry "HUN"]

1. e4 e5 2. Nf3 Nc6 3. Bc4 Bc5 4. d3 h6 5. Be3 Bb6 6. Nc3 d6 7. h3 Nge7 8. Qd2 Ba5 9. a3 Bxc3 10. bxc3 f5 11. exf5 Nxf5 12. 0-0 Qf6 13. Rab1 Nce7 14. d4 e4 15. Nh2 Nh4 16. f3 d5 17. fxe4 Qg6 18. exd5 Bxh3 19. Bd3 Qxg2+ 20. Qxg2 Bxg2 21. Rf2 Nxd5 22. Bd2 0-0-0 23. Rxg2 Nxg2 24. Kxg2 Rhf8 25. Be4 c6 26. Nf3 Nf4+ 27. Kf2 g5 28. Kg3 Nh5+ 29. Kg2 Kc7 30. Rh1 Nf4+ 31. Kg3 Rf6 32. Rh2 Re8 33. Ne5 h5 34. Bf3 h4+ 35. Kg4 Rg8 36. Be4 Ne6 37. Nf3 Rf7 38. Bf5 Kd6 39. Bxe6 Kxe6 40. Nxg5+ Kd7 41. Kxh4 Rf1 42. Kg3 Rg7 43. Kg4 Ra1 44. Kf4 Rxa3 45. Nf3 Ra2 46. Ne5+ Kc7 47. Be1 a5 48. Ke4 a4 49. c4 Ra1 50. Ba5+ b6 51. Bc3 Rb1 52. Rh6 a3 53. Rxc6+ Kb7 54. c5 a2 55. Rxb6+ Rxb6 56. cxb6 Kxb6 57. Nc4+ Kb5 58. Nd2 Rc7 59. Ba1 Rxc2 60. Kd3 Rc1 61. Nb3 Rb1 62. Kc3 Ka4 63. Bb2 Rh1 64. Kc4 Rh2 1/2-1/2

[Event "Balatonalmadi Pannonia Cup 11th"]
[Site "Balatonalmadi"]
[Date "2006.08.04"]
[Round "4"]
[White "Hagymasi, Janos"]
[Black "Csolig, Robert"]
[Result "0-1"]
[WhiteElo "1979"]
[BlackElo "2115"]
[PlyCount "56"]
[EventDate "2006.08.02"]
[EventType "swiss"]
[EventRounds "7"]
[EventCountry "HUN"]
[SourceTitle "EXT 2016"]
[Source "ChessBase"]
[SourceDate "2015.10.08"]
[SourceVersion "1"]
[SourceVersionDate "2015.10.08"]
[SourceQuality "1"]

1. e4 c5 2. Nf3 Nc6 3. d4 cxd4 4. Nxd4 Nf6 5. Nc3 e5 6. Ndb5 d6 7. Bg5 a6 8. Na3 b5 9. Bxf6 gxf6 10. Nd5 Bg7 11. Bd3 Ne7 12. Nxe7 Qxe7 13. 0-0 f5 14. c4 0-0 15. cxb5 d5 16. f3 Rd8 17. Qe2 fxe4 18. fxe4 f5 19. exd5 e4 20. Bc4 Qe5 21. Rab1 f4 22. Nc2 Rd6 23. bxa6 Rh6 24. Ne1 Bxa6 25. Bxa6 Raxa6 26. Qc4 Qd4+ 27. Qxd4 Bxd4+ 28. Kh1 Rxh2+ 0-1

[Event "Balatonalmadi Pannonia Cup 11th"]
[Site "Balatonalmadi"]
[Date "2006.08.02"]
[Round "2"]
[White "Hagymasi, Janos"]
[Black "Zentai, Peter"]
[Result "0-1"]
[WhiteElo "1979"]
[BlackElo "2122"]
[PlyCount "106"]
[EventDate "2006.08.02"]
[EventType "swiss"]
[EventRounds "7"]
[EventCountry "HUN"]
[SourceTitle "EXT 2016"]
[Source "ChessBase"]
[SourceDate "2015.10.08"]
[SourceVersion "1"]
[SourceVersionDate "2015.10.08"]
[SourceQuality "1"]

1. e4 e6 2. d4 d5 3. Nd2 Nf6 4. e5 Nfd7 5. f4 c5 6. c3 Nc6 7. Ndf3 b6 8. Bd3 Be7 9. Ne2 0-0 10. 0-0 g6 11. Qe1 cxd4 12. cxd4 Nb4 13. Bb1 Ba6 14. Qd1 Qc7 15. a3 Nc6 16. Bd3 Bxd3 17. Qxd3 Na5 18. b3 Rfc8 19. Ra2 b5 20. Bd2 Qb6 21. Rc1 a6 22. g4 f5 23. gxf5 gxf5 24. Kf2 Rxc1 25. Bxc1 Kf7 26. Rc2 Nc6 27. Nc3 Nf8 28. Ke3 Rd8 29. Rg2 b4 30. Na4 Qb5 31. axb4 Qxd3+ 32. Kxd3 Nxb4+ 33. Ke2 Rb8 34. Nc5 h6 35. Nd2 Nc6 36. Bb2 Bxc5 37. dxc5 Rb5 38. Rg1 Ng6 39. Ra1 a5 40. Ke3 Rxc5 41. Rc1 Rxc1 42. Bxc1 Ke7 43. Nf3 Kd7 44. Bd2 Kc7 45. Nd4 Nxd4 46. Kxd4 Kb6 47. Ke3 Kb5 48. Kd3 a4 49. b4 Ne7 50. Kd4 Nc6+ 51. Ke3 Nxb4 52. Kf3 Kc4 53. Kg3 Nd3 0-1